000 00930cam a2200133 4500500
005 20260405065614.0
041 _afre
042 _adc
100 1 0 _aAlessandri, Brigitte
_eauthor
245 0 0 _aL'école dans le roman africain
260 _bL'Harmattan,
_c2005.
520 _aLes romanciers africains nous proposent une représentation riche et détaillée du système scolaire qui les a marqué, non seulement dans leur formation intellectuelle, mais dans leur chair. Cet ouvrage, à partir de leurs oeuvres, tente de brosser un portrait de l'école en Afrique francophone du début du siècle à nos jours : de René Maran et Thomas Mofolo à Ahmadou Kourouma et Moussa Konaté, en passant bien entendu par les grandes figures de proue tel Amadou Hampâté Bâ, Cheikh Hamidou Kane ou Mongo Beti.
856 4 1 _uhttps://shs.cairn.info/L-ecole-dans-le-roman-africain--9782747575348?lang=fr&redirect-ssocas=7080
999 _c2197230
_d2197230